LEADER 01038nam a2200289 i 4500 001 991000869899707536 005 20020507174900.0 008 931030s1972 us ||| | eng 020 $a0262160390 035 $ab10768804-39ule_inst 035 $aLE01303584$9ExL 040 $aDip.to Matematica$beng 082 0 $a001.539 084 $aAMS 94B 100 1 $aPeterson, W. Wesley$026413 245 10$aError-correcting codes /$cW. Wesley Peterson, E. J. Weldon, jr 250 $a2nd ed. 260 $aCambridge, MA :$bThe MIT Press,$c1972 300 $axi, 560 p. ;$c23 cm 650 0$aTheory of error-correcting codes 700 1 $aWeldon, E. J. jr.$eauthor$4http://id.loc.gov/vocabulary/relators/aut$0736399 907 $a.b10768804$b21-09-06$c28-06-02 912 $a991000869899707536 945 $aLE013 94B PET11 (1972)$g1$i2013000006826$lle013$o-$pE0.00$q-$rl$s- $t0$u6$v0$w6$x0$y.i10865391$z28-06-02 996 $aError-correcting codes$91455552 997 $aUNISALENTO 998 $ale013$b01-01-93$cm$da $e-$feng$gus $h0$i1 LEADER 01280oam 2200385z- 450 001 9910142706203321 005 20241212215507.0 010 $a9781509090884 010 $a1509090886 035 $a(CKB)1000000000331244 035 $a(EXLCZ)991000000000331244 100 $a20220608c2006uuuu -u- - 101 0 $aeng 200 10$a2006 IEEE International Test Conference $eSanta Clara, CA : 22-27 October 2006 210 $cIEEE 311 08$a9781424402915 311 08$a1424402913 311 08$a9781424402922 311 08$a1424402921 517 $aAutonomic Computing 517 $a2006 IEEE International Test Conference 606 $aIntegrated circuits$xTesting$vCongresses 606 $aElectronic digital computers$xCircuits$xTesting$vCongresses 606 $aTelecommunication$vCongresses 606 $aRadio frequency$vCongresses 615 0$aIntegrated circuits$xTesting 615 0$aElectronic digital computers$xCircuits$xTesting 615 0$aTelecommunication 615 0$aRadio frequency 676 $a621.3815/48 712 02$aInstitute of Electrical and Electronics Engineers.$bPhiladelphia Section. 906 $aPROCEEDING 912 $a9910142706203321 996 $a2006 IEEE International Test Conference$92875556 997 $aUNINA